Cat among the pigeons (Record no. 9594)
[ view plain ]
| 000 -LEADER | |
|---|---|
| fixed length control field | 00520 a2200169 4500 |
| 020 ## - INTERNATIONAL STANDARD BOOK NUMBER | |
| International Standard Book Number | 0007120788 |
| 040 ## - CATALOGING SOURCE | |
| Original cataloging agency | DLC |
| Language of cataloging | DLC |
| 082 00 - DEWEY DECIMAL CLASSIFICATION NUMBER | |
| Classification number | 823.912 |
| 100 1# - MAIN ENTRY--PERSONAL NAME | |
| Personal name | Christie, Agatha, |
| 245 10 - TITLE STATEMENT | |
| Title | Cat among the pigeons |
| Statement of responsibility, etc. | Christie, Agatha |
| 260 ## - PUBLICATION, DISTRIBUTION, ETC. | |
| Place of publication, distribution, etc. | London : |
| Name of publisher, distributor, etc. | HarperCollins Publishers , |
| Date of publication, distribution, etc. | 1959. |
| 300 ## - PHYSICAL DESCRIPTION | |
| Extent | 352 p. ; |
| Dimensions | 19 cm. |
| 650 #0 - SUBJECT ADDED ENTRY--TOPICAL TERM | |
| Topical term or geographic name entry element | Poirot, Hercule (Fictitious character) |
| General subdivision | Fiction. |
| 650 #0 - SUBJECT ADDED ENTRY--TOPICAL TERM | |
| Topical term or geographic name entry element | Private investigators |
| Geographic subdivision | England |
| General subdivision | Fiction. |
| 655 #7 - INDEX TERM--GENRE/FORM | |
| Genre/form data or focus term | Detective and mystery stories. |
| 942 ## - ADDED ENTRY ELEMENTS (KOHA) | |
| Koha item type | Book |
| Call number prefix | 823.912 CHR |
| Source of classification or shelving scheme | |
| Withdrawn status | Lost status | Damaged status | Not for loan | Collection code | Permanent Location | Current Location | Shelving location | Date acquired | Source of acquisition | Cost, normal purchase price | Total Checkouts | Total Renewals | Full call number | Barcode | Date last seen | Date last checked out | Price effective from | Koha item type |
|---|---|---|---|---|---|---|---|---|---|---|---|---|---|---|---|---|---|---|
| Central Library (CL) | Central Library (CL) | Fiction | 03/01/2005 | Saeed Book Bank | 175.50 | 1 | 2 | 823.912 CHR | SEECS005337 | 08/11/2022 | 04/12/2021 | 01/05/2017 | Book |
